Normal view
MARC view
Entry Topical Term
001 - CONTROL NUMBER
- control field: 28006
003 - CONTROL NUMBER IDENTIFIER
- control field: ARRUPE
005 - DATE AND TIME OF LATEST TRANSACTION
- control field: 20161213085713.0
008 - FIXED-LENGTH DATA ELEMENTS
- fixed length control field: 161213|| aca||aabn | a|a d
040 ## - CATALOGING SOURCE
- Original cataloging agency: ARRUPE
- Transcribing agency: ARRUPE
150 ## - HEADING--TOPICAL TERM
- Topical term or geographic name as entry element: Banks and banking
- Geographic subdivision: England
- Geographic subdivision: London.
670 ## - SOURCE DATA FOUND
- Source citation: Work cat.: (ARRUPE)0: Bagehot, Walter, 1826-1877. 11066, Lombard Street :, c1999.